000 00544nam a2200217Ia 4500
003 OSt
005 20140403133234.0
008 140130s9999 xx 000 0 und d
020 _a0439272866
050 _aPZ 7
_b.D216Ch 2001
100 _aDaniel, Claire.
_923164
245 _cClaire Daniel.
_aThe chick That Wouldn't Hatch /
260 _bScholastic Inc,
_cc2001.
_aUSA :
300 _a16 p. :
_bill. col. ;
_c18 cm.
440 _v1
_930894
521 _aBR
526 _cBR
942 _cBK
_2lcc
999 _c41466
_d41466